Utrata wartości aktywów w ramach przepisów prawa rachunkowego obowiązujących na Słowacji

Salvato in:
Dettagli Bibliografici
Autore principale: Tumpach, Miloš, 1970-
Altri autori: Juhászová, Zuzana, 1970-
Natura: Capitolo di libro
Lingua:polacco
Tags: Aggiungi Tag
Nessun Tag, puoi essere il primo ad aggiungerne!!

MARC

LEADER 00000naa$a2200000$$$4500
001 0058462
005 20240502083140.7
041 0 |a pol 
044 |a PL 
245 1 0 |a Utrata wartości aktywów w ramach przepisów prawa rachunkowego obowiązujących na Słowacji  |c Miloš Tumpach, Zuzana Juhászová 
100 1 |a Tumpach, Miloš, 1970- 
700 1 |a Juhászová, Zuzana, 1970-